Statistics for Answers are Elements #1

Click here to take the quiz!

General Stats

  • This quiz has been taken 37,905 times
  • The average score is 15 of 24

Answer Stats

Clue Answer % Correct
All that glitters is not ...Gold
98%
Cold War divider of Europe{Iron} Curtain
87%
SpongeBob's network{Nickel}odeon
84%
What CC stands for{Carbon} Copy
83%
What Coke cans are made ofAluminum
79%
Center of the technology industry{Silicon} Valley
78%
Most abundant element in
the earth's atmosphere
Nitrogen
77%
What blimps are filled withHelium
76%
The other 2.5% of a US pennyCopper
72%
Most common element in the UniverseHydrogen
70%
What powers a laptop{Lithium}-ion battery
69%
Weapon from Clue{Lead} Pipe
67%
It's Christmas time in the city{Silver} Bells
63%
Limestone{Calcium} Carbonate
58%
Marilyn Monroe's hair color, at times{Platinum} Blonde
58%
Messenger of the godsMercury
53%
Radioactive element discovered
by the Curies
Radium
51%
Nickname of the Ford Model-T{Tin} Lizzie
46%
BrimstoneSulfur
42%
Green gas used in WWIChlorine
42%
Cary Grant movie{Arsenic} and Old Lace
36%
97.5% of a US pennyZinc
33%
Metal with the highest melting pointTungsten
21%
Deficiency of this causes cretinismIodine
16%

Score Distribution

Percentile by Number Answered

Percent of People with Each Score

Your Score History

You have not taken this quiz